[Event "Chateauroux op"]
[Site "Chateauroux"]
[Date "2005.11.11"]
[Round "1"]
[White "De Barral, Richard"]
[Black "Pinson, Jean Yves"]
[Result "1/2-1/2"]
[WhiteElo "1650"]
[BlackElo "2047"]
[PlyCount "104"]
[EventDate "2005.10.30"]
[EventType "swiss"]
[EventRounds "7"]
[EventCountry "FRA"]
[SourceTitle "EXT 2007"]
[Source "ChessBase"]
[SourceDate "2006.11.23"]
[SourceVersion "1"]
[SourceVersionDate "2006.11.23"]
[SourceQuality "1"]

1. e4 d6 2. d4 g6 3. Bc4 Bg7 4. Nf3 Nf6 5. Nc3 0-0 6. 0-0 c6 7. a3 b5 8. Ba2 a5 9. e5 dxe5 10. Nxe5 Qc7 11. Re1 e6 12. Ne4 Nxe4 13. Rxe4 c5 14. c3 Bb7 15. Rh4 Bxe5 16. dxe5 Qxe5 17. Bf4 Qf6 18. Qg4 c4 19. Re1 Nd7 20. Bb1 Bc6 21. Bg5 Qg7 22. Bh6 Qf6 23. Bxf8 Rxf8 24. Qg3 e5 25. Be4 Re8 26. Bxc6 Qxc6 27. Qg5 f6 28. Qh6 Nf8 29. Rhe4 Ne6 30. R4e3 Nf4 31. Rf3 Nd3 32. Re2 e4 33. Rh3 Qc7 34. Rh4 f5 35. Kf1 Qe7 36. f3 e3 37. Rd4 Nc1 38. Qh4 Qxh4 39. Rxh4 Nb3 40. a4 g5 41. Rh5 Nd2+ 42. Ke1 h6 43. Rxh6 Kg7 44. Ra6 f4 45. Rxa5 bxa4 46. Rxg5+ Kf6 47. Rb5 a3 48. bxa3 Ra8 49. Rxd2 exd2+ 50. Kxd2 Rxa3 51. Rb2 Ra1 52. Ke2 Rc1 1/2-1/2